000 00299nam a2200133Ia 4500
005 20251222141842.0
008 251222s9999||||xx |||||||||||||| ||spa||
020 _a0-582-85220-X
082 _a428.3/L22
100 _aLand, Geoffrey
245 0 _aBusiness Reading
264 _bLongman
942 _cLIB
999 _c7459
_d7459